[Event "Enghien les Bains"]
[Site "Enghien les Bains"]
[Date "2003.06.14"]
[Round "2"]
[White "Akopian, Vladimir"]
[Black "Polgar, Judit"]
[Result "0-1"]
[WhiteElo "2703"]
[BlackElo "2715"]
[Annotator "Stohl,I"]
[PlyCount "86"]
[EventDate "2003.06.13"]
[EventType "tourn"]
[EventRounds "9"]
[EventCountry "FRA"]
[EventCategory "17"]
[Source "ChessBase"]
[SourceDate "2003.09.25"]

1. Nf3 Nf6 2. c4 b6 3. g3 c5 4. Bg2 Bb7 5. O-O g6 6. Nc3 Bg7 7. d4 cxd4 8. Qxd4
d6 9. Be3 Nbd7 10. Rac1 (10. Rfd1 {is a more usual move, sometimes played even
before Be3. However, this nevertheless often only transposes into the main
lines.}) 10... a6 (10... Rc8 {is somewhat more accurate, limiting White's
options. Now} 11. Nd5 O-O 12. Qd2 e6 $11 {gives White nothing at all.}) 11. Qd2
$146 {A novelty in this concrete position, although White has already earlier
retreated with his Q to d2 instead of h4 in this line.} (11. Rfd1 Rc8 (11...
Rb8 $5 12. b3 O-O 13. Qh4 Re8 14. Bh6 Bh8 15. Bh3 b5 16. cxb5 axb5 17. Qb4 Bxf3
18. exf3 Ne5 19. Bg2 Nc6 20. Qh4 Qa5 21. Bd2 Qa6 22. Bf1 Ne5 23. Qf4 Qa8 24.
Be2 Rec8 25. Kg2 Bg7 26. Qe3 Rc5 27. Kg1 Rbc8 28. h3 b4 29. Na4 Rxc1 30. Rxc1
Rxc1+ 31. Bxc1 Nd5 $11 {Topalov,V-Gelfand,B/Monte Carlo act/2001/}) 12. Qh4 O-O
13. b3 Rc7 $1 $11 {has been tested lately without any opening success for
White.}) ({One can only guess, why Akopian didn't play his own idea} 11. Nd5 {
Maybe because of} O-O $5 (11... Rb8 $6 12. Qd2 O-O 13. Nd4 b5 14. Nxf6+ Bxf6
15. cxb5 axb5 16. Bh6 Bg7 17. Bxg7 Kxg7 18. Bxb7 Rxb7 19. Nc6 Qe8 20. Na5 Rb6
21. Rc7 $36 {Akopian,V-Greenfeld,A/EU-ch Ohrid/2001/}) 12. Qd2 (12. Nxb6 $2 Ne4
$19) 12... Nxd5 (12... e6 13. Nxf6+ Nxf6 14. Qb4 $14) (12... b5 13. Nd4 $1 $14
{leads after} (13. Ng5 Nxd5 14. cxd5 Nf6 $132) 13... Rb8 {to Akopian-Greenfeld.
}) 13. cxd5 Nf6 $132) 11... Ne4 (11... O-O 12. b3 (12. Bh6 Rc8 13. Bxg7 Kxg7
14. b3 Rc5 15. Rfd1 Re8 16. Qb2 Kg8 17. Ne1 Bxg2 18. Nxg2 Qb8 19. Ne3 b5 20.
cxb5 axb5 21. Ncd5 Qb7 22. Qd4 Qc6 23. Rxc5 dxc5 $11 {San Segundo Carrillo,
P-Anand,V/Madrid/1998/}) 12... Rc8 13. Rfd1 Re8 14. Bh3 (14. Nd4 Bxg2 15. Kxg2
Qc7 {/\Qb7,e6<=>}) 14... Rc7 15. Nd4 Qb8 16. f3 Ba8 17. Bf2 e6 18. e4 Ne5 19.
Bg2 Rec8 20. Nde2 Ne8 21. Nd4 Nf6 22. Nde2 Bf8 $13 {Salo,T-Solozhenkin,E/
FIN-chT/2001/}) 12. Nxe4 Bxe4 13. Bh3 Rb8 (13... O-O 14. Nd4 (14. Bxd7 Qxd7 15.
Bxb6 Qh3 $5 $44) 14... Qc7 (14... e6 15. Rfd1 $14) 15. f3 Bb7 16. b3 $11 {/+/=}
) 14. Bh6 ({A more ambitious try to get an advantage would have been} 14. Nd4
$5 {[%cal Yf2f3,Yd4c2,Yc2b4,Yb4d5] /\f3,Nc2-b4-d5}) 14... O-O $1 {Otherwise
Black's K would have to remain in the [+].} (14... Bxh6 15. Qxh6 $36 {עe8})
15. Bxg7 Kxg7 16. Bxd7 (16. Qd4+ Nf6 $11) 16... Bxf3 $8 (16... Qxd7 $4 17. Qd4+
$18) 17. exf3 (17. Bh3 Ba8 $11) 17... Qxd7 18. Rfe1 Rb7 $11 {Simplification
has lead to approximately equal play, but Akopian after a 1-st round loss with
White shows more ambitions than his position can finally stand.} (18... b5 $6
19. c5 $36) 19. Re4 Qc6 (19... b5 20. b3 {[%cal Rd2a5] /\Qa5+/=} (20. Rh4 h5
$11)) 20. Rce1 e5 $5 21. f4 ({The weakness of the Pd6 is illusory, as it can
be sufficiently protected.} 21. Rd1 f5 22. Re3 (22. Ree1 Rf6 23. Qd3 b5 $15)
22... f4 23. gxf4 Rxf4 $11) 21... f6 22. b3 Rff7 (22... b5 23. fxe5 dxe5 24. f4
bxc4 25. Rxc4 Qb6+ $11) 23. a4 Rbd7 {Polgar wants to prepare any central or
flank activity first, but once again} (23... b5 $5 $132 {deserved attention.})
24. Qd5 $6 {Tempting, as it stops d5. Now however White's R are biting into
granite and the c-file opens for Black.} ({More circumspect was} 24. R4e2 $11)
24... Qxd5 25. cxd5 a5 $1 $36 {This important move prevents Rb4.} (25... Rc7
26. Rb4 $14) 26. b4 (26. fxe5 dxe5 $5 (26... fxe5 27. Rc4 (27. f4 exf4 28. Rxf4
Rxf4 29. gxf4 Kf6 30. Kf2 Kf5 31. Kf3 Rc7 $17) 27... Rc7 28. Rxc7 Rxc7 29. f4
$5 exf4 (29... Kf6 30. fxe5+ dxe5 31. Rd1 $11) 30. gxf4 Rc5 31. Re7+ $132) 27.
Rd1 Rd6 28. f4 exf4 29. Rxf4 Rfd7 30. Rfd4 f5 31. Kf2 Kf6 32. R4d3 Re7 $15) (
26. Rc4 $142 $1 Rc7 27. fxe5 (27. Rec1 $2 Rc5 $1 $17) 27... fxe5 28. Rxc7 Rxc7
29. f4 {-26.fe5 fe5}) 26... Rc7 {[%cal Gc7c1] <->c} 27. Rb1 (27. fxe5 fxe5 28.
f4 (28. Rb1 Rc2 $36) (28. bxa5 bxa5 29. f4 exf4 30. Rxf4 Rxf4 31. gxf4 Rc5 $17)
28... exf4 29. gxf4 Rc2 $5 $15 (29... Rf5 30. Re7+ Rxe7 31. Rxe7+ Kh6 32. Rb7
Rxf4 33. Rxb6 Rxb4 34. Rxd6 Rxa4 35. Ra6 Kg5 $15)) 27... f5 $1 28. Ree1 exf4
29. bxa5 (29. gxf4 Rc4 30. bxa5 bxa5 31. Rb6 Rxf4 32. Rxd6 Rxa4 $15) 29... bxa5
30. Rb5 $6 (30. gxf4 {-29.gf4}) 30... f3 $1 $17 {Now the doubled extra pawn is
very important. White's back rank is weak, and taking the Pf3 will cost White
2 other pawns.} 31. Rxa5 (31. Rb3 Rc4 32. Ra1 Rfc7 33. Rxf3 Rd4 $17) 31... Rfe7
32. Rf1 (32. Kf1 Rxe1+ 33. Kxe1 Re7+ 34. Kf1 Kf6 $17) (32. Rxe7+ Rxe7 33. Kf1 {
-32.Kf1} (33. h4 Re1+ 34. Kh2 Kf6 $5 $17)) 32... Re5 33. Rb5 Rc4 34. a5 Ra4 35.
h4 Ra2 36. Kh2 {Akopian still can't resign himself to the inevitable and
unpleasant 4R_|_ a central pawn down.} (36. Rb3 $142 Rxd5 37. Rxf3 Raxa5 $17)
36... Kf6 37. g4 $2 (37. Rb3 Rxd5 $17) (37. Rb7 Rxa5 38. Rxh7 Raxd5 $17) 37...
fxg4 38. Kg3 h5 $19 {Despite the desperate liberating attempt White's K
remains in a mating trap. The natural try to activate the Rf1 loses quickly.}
39. Rc1 g5 $1 40. Rc6 (40. hxg5+ Kxg5 {[%cal Rh5h4] /\h4-+}) 40... Re1 $1 41.
Rxd6+ Kf5 42. Rf6+ (42. hxg5 h4+ $1 43. Kxh4 Rh1+ 44. Kg3 Rh3#) (42. Re6 Rg1+
43. Kh2 Rg2+ $19) 42... Kxf6 43. hxg5+ Kg6 0-1

[Event "George Marx m"]
[Site "Pacs"]
[Date "2003.07.10"]
[Round "1"]
[White "Gelfand, Boris"]
[Black "Polgar, Judit"]
[Result "0-1"]
[WhiteElo "2695"]
[BlackElo "2718"]
[Annotator "Mueller,Karsten"]
[PlyCount "112"]
[EventDate "2003.07.10"]
[EventType "match (rapid)"]
[EventRounds "8"]
[EventCountry "HUN"]
[Source "ChessBase"]
[SourceDate "2003.09.25"]

1. e4 c5 2. Nf3 e6 3. d4 cxd4 4. Nxd4 Nc6 5. Nc3 d6 6. Be3 a6 7. Qd2 Bd7 8.
O-O-O Rc8 (8... Nge7 9. Nxc6 (9. Nb3 Nc8 10. f4 Qc7 11. Kb1 b5 {1/2-1/2 Fercec,
N-Cabrilo,G/Jahorina BIH 2003/The Week in Chess 451 (11)}) (9. h4 b5 10. h5 h6
11. Nf3 Nc8 12. g4 Qa5 13. Kb1 Rb8 14. g5 Nb6 15. Ka1 Na4 16. Nb1 Qxd2 17.
Nbxd2 hxg5 18. Bxg5 {1/2-1/2 Adams,M-Boensch,U/Terrassa 1991/CBM 24 (18)}) 9...
Nxc6 10. Na4 b5 11. Nb6 Rb8 12. Nxd7 Qxd7 13. Bf4 (13. Bc5 Rd8 14. Bb6 Rc8 15.
Bc5 Rd8 16. Bb6 Rc8 17. Bc5 {1/2-1/2 De la Villa Garcia,J-Gofshtein,L/
Montpellier 2000/EXT 2001 (17)}) 13... e5 14. Bg5 Qe6 15. Kb1 Be7 16. h4 O-O
17. Qd5 Bxg5 18. hxg5 Qxd5 19. Rxd5 Rfd8 20. Be2 Nd4 21. Bg4 b4 22. f4 Rb5 23.
Rxb5 axb5 {1/2-1/2 Luther,T-Bischoff,K/Halkidiki 2002/CBM 92 no vc (23)}) 9. f4
(9. f3 Qc7 10. Kb1 Nxd4 11. Bxd4 b5 12. Bd3 Ne7 13. Rhe1 Qb7 14. f4 b4 15. Ne2
$14 {0-1 Tirard,H-Bischoff,K/Clermont-Ferrand FRA 2003/The Week in Chess 444 
(47).  (47)}) 9... b5 10. Nf3 $5 Nf6 (10... Qa5 $5 11. Kb1 b4 12. Ne2 Nf6 $13)
11. e5 dxe5 12. fxe5 b4 (12... Nd5 13. Nxd5 exd5 14. Bd3 Be6 15. Kb1 $13) 13.
Na4 (13. exf6 $6 bxc3 14. Qxc3 Nb4 15. fxg7 Nxa2+ 16. Kd2 Bb5+ 17. Bd4 Bxg7 18.
Bxb5+ axb5 19. Qe3 Nb4 $15) 13... Nd5 14. Nb6 (14. Bb6 $5 Rc7 15. Kb1 {kam
auch in Frage.}) 14... b3 15. axb3 Ncb4 16. Nxc8 Qa5 17. Qd4 Bxc8 18. Bc4 Nxe3
19. Qxe3 Bc5 20. Qe4 Bb7 $1 {[%tqu "Kann sich Weiß noch verteidigen?","","",
Rd8+,"",8]} 21. Rd8+ $3 (21. Qe1 $2 O-O 22. Kd2 Bxf3 23. gxf3 Be3+ 24. Ke2 Qxe5
25. Bd3 Nd5 $40) (21. Qxb7 $4 Be3+ 22. Kb1 Qa2#) 21... Kxd8 (21... Qxd8 $2 22.
Qxb7 O-O 23. c3 Nd3+ 24. Kc2 Nf2 25. Qc6 $1 $14) 22. Qxb7 Qa1+ 23. Kd2 Qxh1 24.
Qb8+ Kd7 25. Qb7+ (25. Qxh8 $2 Qxg2+ 26. Be2 Qg6 27. Ne1 Qg5+ 28. Kd1 Qxe5 $17)
25... Kd8 26. Ng5 Be3+ 27. Kxe3 Qc1+ 28. Kf3 Qxg5 29. Qb8+ Kd7 30. Qb7+ Ke8 31.
Qb8+ Qd8 (31... Kd7 $11 {war die sichere Variante. Wer wagt, gewinnt!}) 32.
Qxb4 h5 33. Bxa6 f5 $6 (33... Qd5+ 34. Qe4 Qxe4+ 35. Kxe4 Kd7 $11) 34. Bb5+ $6
(34. Qb7 $5 Kf8 35. b4 $36) 34... Kf7 35. Qd6 Qg5 36. Bc4 Qe7 37. b4 $2 (37.
Qc6 Re8 38. c3 Qh4 39. Qd7+ Kf8 40. Bxe6 Qe4+ 41. Kf2 Qf4+ 42. Kg1 Qc1+ 43. Kf2
Qxb2+ 44. Ke3 Qxc3+ 45. Kf4 Qc1+ 46. Kf3 $11) 37... Qxd6 38. exd6 Rd8 39. b5
Rxd6 40. Ke3 Ke7 41. Bd3 g5 42. c4 f4+ 43. Ke2 e5 $2 (43... Rd4 {gibt Schwarz
gute Gewinnchancen.}) 44. Be4 $2 (44. c5 Rd4 45. b6 e4 46. Ba6 Rb4 47. Kd2
Rxb2+ 48. Kc3 Rb1 49. Kc2 Rb4 50. Kc3 $11) 44... Rd4 45. Bd5 e4 46. b6 e3 47.
b4 Rd2+ 48. Ke1 Kd8 49. b5 (49. g3 g4 50. gxf4 Rxh2 $19 {zum Beispiel} 51. c5
g3 52. c6 g2 53. c7+ Kd7 54. Be6+ Kd6) 49... g4 50. Be4 (50. Kf1 f3 51. gxf3
gxf3 52. Bxf3 Rf2+ $19) 50... Rb2 51. Bd5 h4 52. h3 f3 $1 53. gxf3 g3 54. f4 g2
55. Bxg2 Rxg2 56. c5 Rb2 0-1

[Event "George Marx m"]
[Site "Pacs"]
[Date "2003.07.11"]
[Round "4"]
[White "Polgar, Judit"]
[Black "Gelfand, Boris"]
[Result "0-1"]
[WhiteElo "2718"]
[BlackElo "2695"]
[Annotator "Rogozenco,D"]
[PlyCount "122"]
[EventDate "2003.07.10"]
[EventType "match (rapid)"]
[EventRounds "8"]
[EventCountry "HUN"]
[Source "ChessBase"]
[SourceDate "2003.09.25"]

1. e4 c5 2. Nf3 Nc6 3. d4 cxd4 4. Nxd4 Nf6 5. Nc3 e5 6. Ndb5 d6 7. Bg5 a6 8.
Na3 b5 9. Bxf6 gxf6 10. Nd5 f5 11. c3 Bg7 12. exf5 Bxf5 13. Nc2 O-O 14. Nce3
Be6 15. g4 {An old move, appeared in 1976 and at the beginning considered to
give White advantage.  The intention to prevent f7-f5 is logical, but the
drawbacks are obvious too - White weakens too much his own structure and will
have problems with the king in all tactical complications.} b4 $1 {Most
energetic. Black immediately starts counterplay on the queenside. Moves 15...
Qh4 or 15...Ne7 are good as well, but the text is strongest.} 16. Bg2 (16. cxb4
Rb8 17. a3 a5 18. b5 Nd4 19. a4 f5 20. gxf5 Bxd5 21. Nxd5 Rxf5 $36 {0-1
Rodriguez-Jussupow, Amsterdam 1978 (79)}) (16. Nxb4 Nxb4 17. cxb4 e4 18. Qd2
Qf6 $36 {1/2-1/2 Sieberg,R-Gromotka,E/W-ch M495 corr 1990 (41)}) 16... bxc3 17.
bxc3 Rc8 18. Qd3 $146 (18. O-O Ne7 19. Nxe7+ Qxe7 20. Qd3 Qg5 $17 {[%csl Rc3,
Rg4][%cal Ge5e4]}) 18... e4 $5 (18... Ne7 {is also good for Black.}) 19. Bxe4 (
19. Qxe4 $2 Bxd5 $19 20. Qxd5 (20. Nxd5 Re8 $19) 20... Bxc3+ 21. Ke2 Nd4+ $19)
19... Ne5 20. Qe2 $2 (20. Qxa6 {This was better for the simple reason that 20.
Qe2 does not protect pawn g4 anyway. With 20.Qxa6 White not only takes the
pawn, but also keeps square e2 available for the king.} Nxg4 (20... Re8 21. h3
(21. O-O Nxg4 22. Nxg4 Bxg4 $44) 21... Nc4 22. O-O Nd2 23. Bxh7+ $1 Kh8 (23...
Kxh7 24. Qd3+) 24. Bc2 Nxf1 25. Qxf1 $13) 21. Nxg4 Bxg4 $44 (21... Bxd5 22.
Bxd5 Bxc3+ 23. Ke2 Re8+ 24. Ne3 Bxa1 25. Rxa1 Rc2+ {[%cal Gd8f6]} 26. Kd3 Rxf2
{in spite of the exposed king on d3, White's chances are preferable in this
complicated position. He can bring the queen to d4 after 27.Qa4, also start an
attack with Ra1-g1.})) 20... Nxg4 $1 21. Rg1 (21. Nxg4 Bxd5 22. Bxd5 Bxc3+ {
and because the king cannot step on e2, Black will simply take on a1 next,
remaining an exchange up.}) 21... Nxe3 22. Qxe3 Kh8 $17 {The material is equal,
only that White's pawn weaknesses are more vulnerable and his king will always
be under attack. A complete failure of White's opening strategy.} 23. Kf1 (23.
Rxg7 Kxg7 24. Qd4+ f6 $19) 23... Qh4 24. Rd1 Rfe8 25. Qg3 Bh3+ 26. Bg2 Qc4+ 27.
Qd3 Qxd3+ 28. Rxd3 Bf5 {Of course Black has a huge advantage in all variations,
but here he could win an exchange right away:} (28... Bd7 $1 29. Re3 (29. c4
Bb5 $1 $19) 29... Bb5+ 30. Ke1 Bh6 31. Rxe8+ Rxe8+ 32. Ne3 (32. Kd1 Ba4# {a
nice checkmate!}) 32... Bxe3 33. fxe3 Rxe3+ $19) 29. Re3 Rxe3 30. fxe3 Rb8 31.
e4 (31. Kf2 Rb2+ 32. Kf3 Rxa2 $19) 31... Be6 32. Bf3 Rb1+ 33. Kf2 Rb2+ 34. Be2
Rxa2 35. h4 a5 36. h5 h6 37. Ke3 Bxd5 38. exd5 Bxc3 {The win is a matter of
time. White cannot create counterplay at all because of his "bad" bishop.} 39.
Bb5 Rb2 40. Be8 Rb7 41. Bc6 {On c6 the bishop guards pawn a5, but it is cut
off from the kingside, where Black will make progress soon by activating the
king.} Re7+ 42. Kf4 Re5 43. Rh1 Kg7 44. Rg1+ Kf8 45. Rh1 Ke7 46. Kf3 Bb4 47.
Rh2 Kf6 48. Kf4 Rf5+ 49. Kg4 Rg5+ 50. Kf4 Bc3 51. Ke4 Rg4+ 52. Kf3 Rb4 53. Rc2
Bd4 54. Be8 Rb8 55. Bc6 Kg5 56. Rg2+ (56. Rh2 Rb3+ 57. Ke4 Bc5 $19 {[%cal
Gb3e3]}) 56... Kxh5 57. Kf4 Be5+ 58. Kf5 Kh4 59. Ra2 Rb4 60. Rf2 Kg3 61. Rf1
Kg2 0-1

[Event "George Marx m"]
[Site "Pacs"]
[Date "2003.07.12"]
[Round "5"]
[White "Gelfand, Boris"]
[Black "Polgar, Judit"]
[Result "1-0"]
[WhiteElo "2695"]
[BlackElo "2718"]
[Annotator "Tsesarsky"]
[PlyCount "91"]
[EventDate "2003.07.10"]
[EventType "match (rapid)"]
[EventRounds "8"]
[EventCountry "HUN"]
[Source "ChessBase"]
[SourceDate "2003.09.25"]

1. d4 Nf6 2. Nf3 g6 3. c4 Bg7 4. Nc3 O-O 5. e4 d6 6. Be2 e5 7. Be3 Ng4 8. Bg5
f6 9. Bh4 Nh6 $2 $16 {A serious mistake. Polgar probably forgot to play g6-g5
or h7-h5 first... This mistake was done a couple of times by different players
- see below. White wins a whole P by force and obtains a strategically winning
position.} ({The mainlines are:} 9... g5) (9... h5) (9... Qe8) (9... Qd7) 10.
dxe5 $1 (10. O-O $2 c6 11. Qd2 Qe8 12. Rfe1 Nf7 13. Bg3 Nd7 14. a3 f5 15. exf5
gxf5 16. Bf1 $132 {1-0 Hoerstmann,R-Jostes,M/Germany 1997/EXT 2003 (28)}) (10.
Qb3 $2 g5 11. Bg3 Kh8 12. dxe5 dxe5 13. Rd1 Nd7 14. O-O c6 15. h4 (15. Qa3 Nf7
16. c5 Qe7 17. b4 $14) 15... g4 (15... Qe7 16. Rd2 (16. hxg5 fxg5 $14) 16...
Nf7 $14 {1-0 To Ngoc Minh-Hoang Hai/Hanoi 2002/CBM 90 ext (43)}) 16. Nd2 f5 17.
exf5 Nxf5 $132) 10... dxe5 ({In case of} 10... g5 {White leaves with advantage:
} 11. Qd5+ $1 (11. exf6 Bxf6 12. Bg3 Nc6 13. O-O (13. Rc1 g4 14. Nd2 $16 {1/
2-1/2 Hellsten,J-Sandstrom,L/Stockholm 1996/CBM 57 ext (24)}) 13... Be6 (13...
Nf7 14. Ne1 Be6 15. Nc2 Nce5 16. Ne3 $16 {0-1 Volosjuk,J-Kiseleva,N/Menorca
1996/Juniors (39)}) 14. Nd5 g4 15. Nd2 $16 {1-0 Sadler,M-Buckley,G/Isle of Man
1997/EXT 99 (40)}) 11... Nf7 12. e6 Bxe6 (12... gxh4 13. exf7+ Kh8 14. Nxh4 $18
{1-0 Mozetic,D-Tosic,M/Banja Vrucica 1991/EXT 97 (59)}) 13. Qxe6 gxh4 14. Nxh4
$18 {1-0 Cramling,D-Marklund,G/Karlskrona 1983/MCD (20)}) 11. Qxd8 Rxd8 12. Nd5
{[%csl Rc7,Rf6] Black loses a whole P without any compensation.} g5 13. Nxc7
gxh4 14. Nxa8 Na6 15. c5 $1 {[%cal Ge2a6,Ga8c7] Easily releasing Na8.} Nxc5 16.
Nc7 Nxe4 17. O-O (17. Nxh4 $16) (17. Rd1 {All this was played already!} Rxd1+
18. Bxd1 Bf8 19. Bb3+ Kh8 20. Be6 Bxe6 21. Nxe6 Be7 22. Ke2 Kg8 23. Rd1 $18 {
1-0 Hedman,E-Szieberth,A/Budapest 1993/EXT 97 (51)}) 17... Nf5 18. Rfd1 Rf8 19.
Bc4+ Kh8 20. Ne6 Re8 21. Bb5 $1 Rg8 22. Bd7 Bh6 (22... Nfd6 23. Bxc8 Rxc8 24.
Rac1 $18) 23. Bxc8 Rxc8 24. Rd8+ Rxd8 25. Nxd8 Ned6 ({Or} 25... Nc5 26. b4 Nd3
27. Rd1 Nxb4 28. Rd7 Kg8 29. Rxb7 Nxa2 30. Rf7 $18 {[%csl Ra7,Re5,Rf6][%cal
Gf3e5]}) 26. Rd1 Bf8 27. Ne6 Be7 28. Rc1 e4 29. Nfd4 Nxd4 30. Nxd4 Kg8 31. Rc5
Kf7 32. Nf5 b6 33. Nxd6+ Bxd6 34. Rh5 Kg6 35. Rxh4 f5 36. g4 Kg5 37. Rxh7 Kxg4
38. Rxa7 Kf3 39. Rf7 f4 40. Kf1 b5 41. a3 Bc5 42. Rf5 Bd4 43. b3 Bb2 44. a4
bxa4 45. bxa4 Kg4 46. Rb5 1-0

[Event "George Marx m"]
[Site "Pacs"]
[Date "2003.07.13"]
[Round "7"]
[White "Gelfand, Boris"]
[Black "Polgar, Judit"]
[Result "1/2-1/2"]
[WhiteElo "2695"]
[BlackElo "2718"]
[Annotator "McShane"]
[PlyCount "74"]
[EventDate "2003.07.10"]
[EventType "match (rapid)"]
[EventRounds "8"]
[EventCountry "HUN"]
[Source "ChessBase"]
[SourceDate "2003.09.25"]

1. e4 c5 2. Nf3 e6 3. d4 cxd4 4. Nxd4 Nf6 5. Nc3 d6 6. Be3 a6 7. f3 b5 8. g4 {
These pawn advances, which anticipate castling on opposite sides, are typical
of this variation of the Sicilian.} Bb7 9. Qd2 Be7 10. O-O-O Nc6 11. Nxc6 Bxc6
12. Ne2 {A useful regrouping, putting the knight on a more active square.} O-O
13. g5 Nd7 14. Nd4 Bb7 15. h4 d5 $1 {White's attack is obviously slightly
closer to hitting home, so Polgar seeks counterplay in the centre.} 16. Bh3 {
The fight for the initiative is underway.} (16. exd5 {is too automatic and
hands over the initiative, for example} Bxd5 17. Kb1 Ne5 18. Be2 Qc7 {with
Ne5-c4 to follow.}) 16... Ne5 (16... dxe4 17. Nxe6 $1 fxe6 18. Qxd7 {is bad
news for Black's bishops.}) 17. Qe2 Qa5 18. Kb1 dxe4 (18... Rfd8 {allows the
interesing} 19. Nxe6 fxe6 20. Bxe6+ Kh8 21. exd5 {when three pawns look like
providing good compensation for the piece.}) 19. f4 Nc4 20. Bc1 {Black has won
a pawn, but now White will soon get his say with f4-f5} e3 21. Rhf1 Rad8 22. f5
e5 (22... Qb6 {was an alternative, but after} 23. f6 Bxf6 24. gxf6 Rxd4 25. Qh5
$1 {White has undeniable attacking compensation.} (25. fxg7 $2 Rfd8 {seals
Black's king in safety.})) 23. f6 $1 Rxd4 (23... gxf6 $2 24. Nf5 {gives White
an enormous attack.}) 24. fxe7 Re8 25. Bxe3 Rxd1+ 26. Rxd1 Rxe7 {The dust has
settled and Black is a pawn up, but White retains some initiative.} 27. Bc5 Re8
(27... Rc7 $4 28. Rd8# {is not the only variation where Black's weak back rank
is critically important}) 28. b3 Qc3 (28... Na3+ 29. Bxa3 Qxa3 30. Bd7 $1 Rd8 (
30... Re7 31. Bxb5 $1 {also regains the pawn.}) 31. Qxe5 {looks better for
White. Even worse is}) (28... Qc7 29. Qf2 $1 Na5 {(the only square)} 30. Rd7 {
and the attack on f7 wins.}) 29. bxc4 Qxh3 30. Qxe5 $1 Bc6 $6 (30... Qc8 $1 {
Offered Black better chances due to White's weakened king position.} 31. Qxe8+
(31. Qd4 {may be better}) 31... Qxe8 32. Bb6 Bd5 $5 (32... f5 33. Rd8 Qxd8 34.
Bxd8 bxc4 35. Bc7 {and I suspect White can hold the endgame.}) 33. cxd5 {and
White's strong passed pawn will make winning very tough for Black.} (33. Rxd5
Qe1+ 34. Kb2 h6 {is bad for White.})) 31. Qd6 Qf3 {Now Gelfand forces a draw
by a perpetual attack along the d-file.} 32. Rd3 Qf1+ 33. Rd1 Qe2 34. Rd2 Qe4
35. Rd4 Qh1+ 36. Rd1 Qg2 37. Rd2 Qh1+ {Black has no way to keep the game going.
} 1/2-1/2